Kliknij województwa Polski na mapie - Statystyki

Ogólne statystyki
  • Ten quiz został rozwiązany 12 079 razy
  • Średni wynik to 13 z 16
Odpowiedzi na mapie
Odpowiedzi zakodowano w zielono-czerwonej skali na mapie do tego quizu, zgodnie z poniższymi procentami.
 
Statystyki odpowiedzi
Odpowiedź % Poprawnych
Mazowieckie
91%
Pomorskie
90%
Zachodniopomorskie
89%
Łódzkie
87%
Podlaskie
87%
Wielkopolskie
87%
Warmińsko - mazurskie
86%
Lubelskie
85%
Świętokrzyskie
83%
Dolnośląskie
81%
Lubuskie
81%
Podkarpackie
81%
Śląskie
81%
Opolskie
80%
Kujawsko - pomorskie
79%
Małopolskie
78%
Nie znaleziono quizów pasujących do podanych kryteriów
Rozkład punktacji
Procent ludzi z każdym wynikiem
Percentyl według liczby udzielonych odpowiedzi
Twoja historia wyników
Nie rozwiązałeś tego quizu